| 000 | 00585 a2200193 4500 | ||
|---|---|---|---|
| 003 | NUST | ||
| 005 | 20230202121217.0 | ||
| 020 | _a10033390298x | ||
| 040 | _cNust | ||
| 082 | _a954.03,MAJ | ||
| 100 |
_aMajumdar R.C _96741 |
||
| 245 |
_aAn Advanced History of India / _cR.C. Majumdar and H.C. Raychaudhuri |
||
| 250 | _a4th ed. | ||
| 260 |
_aDelhi _bMacmillan _c2004 |
||
| 300 | _a1148:p. | ||
| 505 | _aPar.1: Ancient India (Page-3), Part .II : Medieval India (Page-267), Part. III: Modern India (Page-623). | ||
| 650 |
_a History of India _966539 |
||
| 942 |
_2ddc _cBK _k954.03,MAJ |
||
| 999 |
_c187406 _d187406 |
||